000 00515nam a2200181Ia 4500
999 _c28968
_d28968
003 OSt
005 20201118103655.0
008 190216s9999||||xx |||||||||||||| ||und||
020 _a9788182642331
040 _coclc
082 _a894.8123
_bNAN/R
100 _aNandakumar, V T
_96700
245 0 _aRoopangal /
_cV T Nandakumar
260 _bMathrubhumi Printing &publishing,
_aKozhikode:
_c2006.
300 _a164p
650 _aNovel
942 _cBK
_2ddc
_h894.8123
_iNAN/R
_k894.8123
_mNAN/R